Science Quiz

Random Science or Elements Quiz
Score 0/10 Timer 02:00
0 Plays Today
Approx. % in weight Element % Correct
47%Oxygen
84.2%
5%Iron
82.4%
.1%Hydrogen
74.5%
27%Silicon
53.8%
2%Magnesium
52.9%
8%Aluminum
51.2%
3%Sodium
49.3%
4%Calcium
47%
2.5%Potassium
46%
.5%Titanium
24.9%
Remove Ads.
Support Sporcle.
Get the best of Sporcle when you Go Orange. This ad-free experience offers more features, more stats, and more fun while also helping to support Sporcle. Thank you for becoming a member.

You're not logged in!

Compare scores with friends on all Sporcle quizzes.
OR
Log In

Show Comments

Extras

Top Quizzes Today


Score Distribution

Your Account Isn't Verified!

In order to create a playlist on Sporcle, you need to verify the email address you used during registration. Go to your Sporcle Settings to finish the process.

Report this User

Report this user for behavior that violates our Community Guidelines.

Details: